Normal view
MARC view
- Khādar, Yu. Ē.
Entry Personal Name
001 - CONTROL NUMBER
- control field: 5652
003 - CONTROL NUMBER IDENTIFIER
- control field: OSt
005 - DATE AND TIME OF LATEST TRANSACTION
- control field: 20231115122523.0
008 - FIXED-LENGTH DATA ELEMENTS
- fixed length control field: 231115|| aca||aabn | a|a d
040 ## - CATALOGING SOURCE
- Original cataloging agency: OSt
- Transcribing agency: OSt
100 ## - HEADING--PERSONAL NAME
- Personal name: Khādar, Yu. Ē.
670 ## - SOURCE DATA FOUND
- Source citation: Work cat.: (OSt)17898: Khādar, Yu. Ē.,, Anuyāyi., [1966]
